01658nam a2200445 i 450000100060000000300080000600500170001400600190003100700150005000800410006502000180010602000270012403500230015103500240017403500250019803500210022304000310024405000210027508000150029608200160031110000200032724501080034725000190045526400410047430000400051533600310055533700330058633800430061949000320066250400290069458801280072359001590085165000210101065000230103165500270105479700190108183000330110085600620113399900170119580345FlNmELB20241217151739.0m o d | cr cnu||||||||161213s2016 ag ob 000 0 spa d z9789870000000 a9781512932447 (e book) a(MiAaPQ)EBC4676016 a(Au-PeEL)EBL4676016 a(CaPaEBR)ebr11259567 a(OCoLC)984772475 aFINmELBbspaerdacFINmELB 4aLC268bA636 2016 a37.035(07)0 a370.1142231 aAntunes, Celso.13aLa educación moral inicial en el aula y en casa :bdel nacimiento a los doce años /cCelso Antunes. a6a. edición. 1aBuenos Aires :bSB Editorial,c2016. a1 recurso en línea (34 páginas) atextobtxt2rdacontent/spa acomputadorabc2rdamedia/spa arecurso en líneabcr2rdacarrier/spa1 aColección En el aula ;v6 aContiene bibliografía. aDescripción basada en recurso en línea; Título de la página del título en PDF (e-libro, visto December 13, 2016). aRecurso electronico. Santa Fe, Arg. : e-libro, 2016. Disponible via World Wide Web. El acceso puede ser limitado para las bibliotecas afiliadas a e-libro. 0aMoral education. 4aEducación moral. 4aLibros electrónicos.2 ae-libro, Corp. 0aColección En el aula ;v6.40uhttps://elibro.net/ereader/politecnicointernacional/76226 c80345d80345